000 00452nmm a2200157Ia 4500
008 251105s9999||||xx |||||||||||||||||und||
020 _a9788431539023
041 _aspa
100 _aRilk, Thomas
245 0 _aEntre en... los poderes del espiritismo
264 _a[Madrid, España] :
_bDe Vecchi,
_c2000
300 _a96 páginas
650 _aMind, body and spirituality
856 _uhttps://public.digitaliapublishing.com/a/31218
942 _cCF
999 _c81516
_d81516